| 000 | 00371nam a22001217a 4500 | ||
|---|---|---|---|
| 008 | 230627b xxu||||| |||| 00| 0 eng d | ||
| 020 | _a0821337785 | ||
| 082 |
_a338.9 _bIBRD 1997 |
||
| 245 |
_aWorld Development Report 1997 _bThe State in a Changing World |
||
| 260 |
_bThe International Bank for Reconstruction and Development _c1997 |
||
| 300 | _aIII,15p | ||
| 942 |
_2ddc _cBK |
||
| 999 |
_c2931 _d2931 |
||